000 01328nam a2200337 c 4500
999 _c342520
_d342520
003 BLK
005 20240623004114.0
008 180911b bul|||||r ||||||| ||bul||
010 _a002169
040 _aBLK
041 _aBUL
_cBUL
080 _aЯворов, Пейо
_x92
_z886.7.09886.7(092)92
100 1 _aРАЛЧЕВ, Милко
_eпърви автор
_9397657
245 0 0 _aЯворов
260 _aСофия
_bДобромир Чилингиров
_c1942
_fПридворна печ.
300 _a162 с
_c21 см
380 _a82
490 _aЧастна колекция - Академик Михаил Арнаудов
_gДарение - Основен фонд
500 _aАвтограф с текст: На г. проф. Д-р М. Арнаудов с голяма почит от Милко Ралчев 8. 10. 942;
650 _aПисатели
_9166332
650 _aБиографии
_9148657
650 _aКритика
_9159735
650 0 _aПисатели, български
_9241944
655 _aбългарско литературознание
_9396216
700 1 _aМилко Ралчев
_9398624
852 _aМА 2009
_bМА
942 _cKNG
_n0
_s1
944 _aCR
_c1997
_k
_lCRON CRON
999 _d342520
999 _d342520